Such a pretty girl (Record no. 389442)

MARC details
000 -LEADER
fixed length control field 00262nam a2200097Ia 4500
082 ## - DEWEY DECIMAL CLASSIFICATION NUMBER
Classification number LP EF WIES
008 - FIXED-LENGTH DATA ELEMENTS--GENERAL INFORMATION
fixed length control field 210817s9999 xx 000 0 und d
100 ## - MAIN ENTRY--PERSONAL NAME
Personal name Wiess, Laura, , 1960- Leicester, 2009
9 (RLIN) 94814
245 #0 - TITLE STATEMENT
Title Such a pretty girl
942 ## - ADDED ENTRY ELEMENTS
item type Books

No items available.